01032cam a22002891 4500001001300000003000400013005001700017008004100034010001700075035001900092040004900111043001200160050002200172051001500194051009100209100003100300245005500331250004100386260004300427300002300470490005600493500003800549500006100587500005300648651002400701999001700725gs 07000161 DLC20260227111305.0790305s1906 dcu d f000 0 eng c ags 07000161  a(OCoLC)4712386 aU.S. Geol. Survey. Libr.cICharEdOCoLCdDLC an-us-ak00aQE75b.B9 no. 299 aF902b.B17 aF902b.B17acPreservation photocopy. ([North Manchester, IN : HF Group, 2012]. 26 cm.)1 aBaker, Marcus,d1849-1903.10aGeographic dictionary of Alaska,cby Marcus Baker. a2d ed.bPrepared by James McCormick. aWashington,bGovt. Print. Off.,c1906. a690, ii p.c24 cm.0 aUnited States. Geological survey. Bulletinvno. 299 aSubject series: F, Geography, 52. aIssued also as House doc. no. 938, 59th Cong., 1st sess. aFirst ed. published in 1902 as Bulletin no. 187. 0aAlaskaxGazetteers. c24558d24558